Electoral realignments : a critique of an American genre /

Bibliographic Details
Main Author: Mayhew, David R.
Format: Book
Language:English
Published: New Haven, Conn. : Yale University Press, [2002]
Series:Yale ISPS series.
Subjects:

MARC

Tag First Indicator Second Indicator Subfields
LEADER 00000cam a22000004a 4500
001 in00001706339
005 20151024153342.0
008 020108s2002 ctua b 001 0 eng
010 |a  2002016746 
020 |a 0300093365 
035 |a (OCoLC)ocm48857528 
040 |a DLC  |c DLC  |d TXA  |d UtOrBLW 
042 |a pcc 
043 |a n-us--- 
049 |a TXAM 
050 0 0 |a JK2261  |b .M364 2002 
082 0 0 |a 324/.0973  |2 21 
100 1 |a Mayhew, David R. 
245 1 0 |a Electoral realignments :  |b a critique of an American genre /  |c David R. Mayhew. 
264 1 |a New Haven, Conn. :  |b Yale University Press,  |c [2002] 
264 4 |c ©2002 
300 |a viii, 174 pages :  |b illustrations ;  |c 22 cm. 
336 |a text  |b txt  |2 rdacontent 
337 |a unmediated  |b n  |2 rdamedia 
338 |a volume  |b nc  |2 rdacarrier 
490 1 |a The Yale ISPS series 
504 |a Includes bibliographical references and index. 
650 0 |a Political parties  |z United States  |x History. 
650 0 |a Elections  |z United States  |x History. 
650 0 |a Party affiliation  |z United States  |x History. 
830 0 |a Yale ISPS series. 
948 |a cataloged  |b h  |c 2002/9/18  |d c  |e dmitchel  |f 9:28:44 am 
994 |a E0  |b TXA 
999 |a MARS 
999 f f |s cdde4db6-195a-3b80-8295-b7e4e290f37d  |i eef7bac7-77f4-347d-bd21-7261885f4c51  |t 0 
952 f f |p ric  |a Texas A&M University  |b Rellis Campus  |c Joint Library Facility  |d Remote Storage  |t 0  |e JK2261 .M364 2002  |h Library of Congress classification  |i unmediated -- volume  |m A14829147680 
998 f f |a JK2261 .M364 2002  |t 0  |l Remote Storage